000 00548nam a2200145 a 4500
008 080408s1995 ||||||||||||||||| || u
020 _a1557755167
050 _aIMF(058)A5
100 _aFolkerts, David
245 1 0 _aInternational capital markets: developments prospects, and policy issues
260 _aWashington, D. C.
_bIMF
_c1995
300 _ax, 202p. :ill.
350 _a0.00
995 _D0.00
_FCBU-MAIN LIBRARY (Kitwe)
_H1
_I0.00
_M1
_UAVAILABLE
_WApr 8, 2008
_ZInternational Publications
999 _c47311
_d47311